[Event "Buenos Aires Faogba 36th"]
[Site "Buenos Aires"]
[Date "2019.11.07"]
[Round "1.8"]
[White "Sanchez, Abril"]
[Black "Biancosino, Rafael"]
[Result "0-1"]
[WhiteElo "1633"]
[BlackElo "2064"]
[PlyCount "52"]
[EventDate "2019.11.07"]
[EventType "swiss"]
[EventRounds "7"]
[EventCountry "ARG"]
[SourceTitle "EXT 2024"]
[Source "ChessBase"]
[SourceDate "2023.10.10"]
[SourceVersion "1"]
[SourceVersionDate "2023.10.10"]
[SourceQuality "1"]

1. d4 f5 2. c4 Nf6 3. Nc3 g6 4. Nf3 Bg7 5. Bf4 d6 6. e3 0-0 7. Bd3 h6 8. 0-0 Qe8 9. Qd2 Nh5 10. Rfe1 e5 11. Nd5 Na6 12. c5 c6 13. Bxa6 cxd5 14. dxe5 dxe5 15. Nxe5 bxa6 16. Qxd5+ Be6 17. Qd6 g5 18. Bg3 Rd8 19. Qc7 Nxg3 20. hxg3 Bd5 21. Nf3 Bxb2 22. Rab1 Bc3 23. Rec1 Rf7 24. Qxf7+ Qxf7 25. Rxc3 Bxf3 26. gxf3 Qxa2 0-1

[Event "Moron Perez Cup U2200 sf"]
[Site "Moron"]
[Date "2019.08.02"]
[Round "4.11"]
[White "Sanchez, Abril"]
[Black "Ucha, Luis"]
[Result "0-1"]
[WhiteElo "1587"]
[BlackElo "1877"]
[PlyCount "56"]
[EventDate "2019.07.29"]
[EventType "swiss"]
[EventRounds "6"]
[EventCountry "ARG"]
[SourceTitle "EXT 2024"]
[Source "ChessBase"]
[SourceDate "2023.10.10"]
[SourceVersion "1"]
[SourceVersionDate "2023.10.10"]
[SourceQuality "1"]

1. d4 Nf6 2. c4 g6 3. Nc3 d5 4. cxd5 Nxd5 5. e4 Nxc3 6. bxc3 c5 7. Bc4 Bg7 8. Ne2 0-0 9. Be3 Nc6 10. 0-0 cxd4 11. cxd4 b6 12. Rc1 Bb7 13. Qd2 Rc8 14. Rfd1 Na5 15. Bd3 Qd7 16. Bh6 Rfd8 17. Bxg7 Kxg7 18. Qb2 f6 19. h3 Qd6 20. d5 Rxc1 21. Rxc1 e6 22. dxe6 Qxe6 23. Rc7+ Kg8 24. Qc2 Rd7 25. Rxd7 Qxd7 26. Nf4 Qd4 27. Ne6 Qa1+ 28. Qb1 Qe5 0-1

[Event "Moron Perez Cup U2200 sf"]
[Site "Moron"]
[Date "2019.07.29"]
[Round "1.8"]
[White "Solano, Pablo"]
[Black "Sanchez, Abril"]
[Result "0-1"]
[WhiteElo "1914"]
[BlackElo "1587"]
[PlyCount "107"]
[EventDate "2019.07.29"]
[EventType "swiss"]
[EventRounds "6"]
[EventCountry "ARG"]
[SourceTitle "EXT 2024"]
[Source "ChessBase"]
[SourceDate "2023.10.10"]
[SourceVersion "1"]
[SourceVersionDate "2023.10.10"]
[SourceQuality "1"]

1. d4 d5 2. Bf4 Nf6 3. e3 e6 4. Nf3 Bd6 5. Bg3 c5 6. c3 Qc7 7. Nbd2 Nbd7 8. Bd3 0-0 9. Bxd6 Qxd6 10. 0-0 e5 11. dxe5 Nxe5 12. Nxe5 Qxe5 13. Re1 Bf5 14. Nf3 Qe6 15. Ng5 Qd7 16. Qc2 Bxd3 17. Qxd3 h6 18. Nh3 Rfe8 19. Rad1 Rad8 20. Nf4 Qc7 21. b4 d4 22. cxd4 cxd4 23. Rc1 Qb8 24. Qf5 dxe3 25. Rxe3 Rxe3 26. fxe3 Qd6 27. Qc5 Qxc5 28. Rxc5 Rd1+ 29. Kf2 Ne4+ 30. Ke2 Rd2+ 31. Ke1 Rxa2 32. Rc8+ Kh7 33. Rc7 Nd6 34. Rd7 Ra6 35. Ke2 g5 36. Nd5 Kg7 37. Kf3 b5 38. Nc3 Nc4 39. Kf2 Rf6+ 40. Ke2 a6 41. e4 Ne5 42. Re7 Nc6 43. Rc7 Nxb4 44. Nd1 Re6 45. Kf3 Nd3 46. Ke3 Nf4 47. Kf3 Ng6 48. g3 Ne5+ 49. Kf2 Ng4+ 50. Kf3 Nxh2+ 51. Ke3 Nf1+ 52. Kd4 Nxg3 53. e5 Nf5+ 54. Ke4 0-1

[Event "ARG-ch U12 Girls"]
[Site "Buenos Aires"]
[Date "2019.03.05"]
[Round "9.1"]
[White "Sanchez, Abril"]
[Black "Gimenez, Julieta"]
[Result "1-0"]
[WhiteElo "1659"]
[BlackElo "1254"]
[PlyCount "61"]
[EventDate "2019.03.01"]
[EventType "swiss"]
[EventRounds "9"]
[EventCountry "ARG"]
[SourceTitle "EXT 2024"]
[Source "ChessBase"]
[SourceDate "2023.10.10"]
[SourceVersion "1"]
[SourceVersionDate "2023.10.10"]
[SourceQuality "1"]

1. d4 d5 2. c4 e6 3. Nc3 Be7 4. Nf3 Nf6 5. Bg5 0-0 6. e3 h6 7. Bh4 b6 8. Rc1 Nbd7 9. cxd5 Nxd5 10. Nxd5 exd5 11. Bxe7 Qxe7 12. Rxc7 Qd6 13. Rc1 Nf6 14. Bd3 Bg4 15. 0-0 Ne4 16. h3 Bh5 17. Be2 Qb4 18. Ne5 Bxe2 19. Qxe2 f6 20. Ng6 Rfd8 21. Nf4 Nd2 22. Rfd1 Nc4 23. b3 g5 24. Nxd5 Rxd5 25. Qxc4 Qxc4 26. Rxc4 f5 27. Rdc1 Kf7 28. Rc7+ Kg6 29. R1c6+ Kh5 30. Rh7 g4 31. Rhxh6+ 1-0

[Event "ARG-ch U12 Girls"]
[Site "Buenos Aires"]
[Date "2019.03.04"]
[Round "7.1"]
[White "Sanchez, Abril"]
[Black "Bontempi, Sofia Milagros"]
[Result "1/2-1/2"]
[WhiteElo "1659"]
[BlackElo "1403"]
[PlyCount "104"]
[EventDate "2019.03.01"]
[EventType "swiss"]
[EventRounds "9"]
[EventCountry "ARG"]
[SourceTitle "EXT 2024"]
[Source "ChessBase"]
[SourceDate "2023.10.10"]
[SourceVersion "1"]
[SourceVersionDate "2023.10.10"]
[SourceQuality "1"]

1. d4 Nf6 2. c4 g6 3. Nc3 Bg7 4. e4 d6 5. h3 0-0 6. Be3 e5 7. d5 a5 8. Nf3 Na6 9. g4 Nd7 10. Be2 c6 11. dxc6 Ndc5 12. cxb7 Bxb7 13. Bd3 Qb6 14. 0-0 Qc6 15. Nd5 Kh8 16. a3 Rab8 17. b4 axb4 18. axb4 Nxd3 19. Qxd3 Qc8 20. Ba7 Bxd5 21. cxd5 Nxb4 22. Qd2 Rb7 23. Rfb1 Qd7 24. Rxb4 Rxa7 25. Rxa7 Qxa7 26. Qb2 Qc7 27. Rb7 Qc4 28. Qb4 Qxb4 29. Rxb4 Rd8 30. Rb7 f6 31. h4 Kg8 32. Kg2 Bh6 33. g5 fxg5 34. Nxg5 Bxg5 35. hxg5 Ra8 36. Rc7 Rd8 37. Kg3 Ra8 38. f3 Rd8 39. f4 exf4+ 40. Kxf4 Rf8+ 41. Kg3 Rd8 42. Re7 Ra8 43. e5 dxe5 44. Rxe5 Rd8 45. Kf4 Kf7 46. Ke4 Rd7 47. Re6 Ra7 48. Rf6+ Ke8 49. Ke5 Ra1 50. Re6+ Kd7 51. Kf6 Rf1+ 52. Kg7 Rf5 1/2-1/2

[Event "Buenos Aires Faogba 35th"]
[Site "Buenos Aires"]
[Date "2018.11.??"]
[Round "5.8"]
[White "Sanchez, Abril"]
[Black "Wald, Gabriel"]
[Result "1/2-1/2"]
[WhiteElo "1668"]
[BlackElo "1866"]
[PlyCount "42"]
[EventDate "2018.11.13"]
[EventType "swiss"]
[EventRounds "7"]
[EventCountry "ARG"]
[SourceTitle "EXT 2024"]
[Source "ChessBase"]
[SourceDate "2023.10.10"]
[SourceVersion "1"]
[SourceVersionDate "2023.10.10"]
[SourceQuality "1"]

1. d4 Nf6 2. c4 e5 3. dxe5 Ne4 4. Nf3 d6 5. Bf4 Nc6 6. e3 g5 7. Bg3 Nxg3 8. hxg3 Bg7 9. Nc3 Nxe5 10. Nxe5 Bxe5 11. Qc2 h6 12. Bd3 Be6 13. 0-0-0 Qe7 14. Be4 0-0-0 15. Qb3 c6 16. Bd3 d5 17. cxd5 Bxc3 18. dxe6 Be5 19. exf7 Qf6 20. Rd2 Rd5 21. Rhd1 Qxf7 1/2-1/2

[Event "Moron Amateur-ch"]
[Site "Moron"]
[Date "2018.07.24"]
[Round "5"]
[White "Sanchez, Abril"]
[Black "Koch, Juan Enrique"]
[Result "0-1"]
[WhiteElo "1556"]
[BlackElo "1952"]
[PlyCount "90"]
[EventDate "2018.07.17"]
[EventType "swiss"]
[EventRounds "7"]
[EventCountry "ARG"]
[SourceTitle "EXT 2019"]
[Source "ChessBase"]
[SourceDate "2018.10.10"]
[SourceVersion "1"]
[SourceVersionDate "2018.10.10"]
[SourceQuality "1"]

1. d4 Nf6 2. c4 g6 3. Nc3 Bg7 4. e4 0-0 5. Nf3 d6 6. h3 c5 7. d5 b5 8. cxb5 a6 9. bxa6 Bxa6 10. Bxa6 Nxa6 11. 0-0 Qb6 12. Qc2 Rfb8 13. Re1 Nb4 14. Qb3 Qa6 15. Qd1 Nd7 16. Qe2 Ne5 17. Nxe5 Bxe5 18. Qxa6 Rxa6 19. Re2 Nd3 20. g3 Rab6 21. f4 Nxc1 22. Rxc1 Bd4+ 23. Kg2 Rxb2 24. Kf3 Bxc3 25. Rxc3 Rxe2 26. Kxe2 Rb2+ 27. Kf3 Rxa2 28. Kg4 Ra4 29. Re3 Rd4 30. Kf3 Kf8 31. Rb3 f5 32. Rb8+ Kf7 33. exf5 Rxd5 34. fxg6+ hxg6 35. Rh8 c4 36. Rh7+ Kf6 37. g4 Rd3+ 38. Ke2 e5 39. g5+ Ke6 40. fxe5 Kxe5 41. Rg7 Kf5 42. h4 d5 43. Rf7+ Kg4 44. Rf6 Kxh4 45. Rxg6 Rg3 0-1

[Event "Moron Amateur-ch"]
[Site "Moron"]
[Date "2018.07.21"]
[Round "4"]
[White "Herrera, Pablo"]
[Black "Sanchez, Abril"]
[Result "1-0"]
[WhiteElo "2010"]
[BlackElo "1556"]
[PlyCount "143"]
[EventDate "2018.07.17"]
[EventType "swiss"]
[EventRounds "7"]
[EventCountry "ARG"]
[SourceTitle "EXT 2019"]
[Source "ChessBase"]
[SourceDate "2018.10.10"]
[SourceVersion "1"]
[SourceVersionDate "2018.10.10"]
[SourceQuality "1"]

1. c4 e6 2. Nf3 d5 3. d4 Nf6 4. g3 Be7 5. Bg2 0-0 6. 0-0 dxc4 7. Qc2 a6 8. Qxc4 b5 9. Qc2 Bb7 10. Bg5 Nbd7 11. Bxf6 Nxf6 12. Nbd2 Rc8 13. Nb3 Be4 14. Qc1 Nd5 15. Ne5 Bxg2 16. Nc6 Qd7 17. Nxe7+ Nxe7 18. Kxg2 Nf5 19. Qf4 Qd6 20. Rac1 Qxf4 21. gxf4 Rfd8 22. e3 Nd6 23. Na5 Ne4 24. Rc6 Rd6 25. Rfc1 Rxc6 26. Rxc6 g6 27. b4 Kg7 28. Rxa6 Nc3 29. Nc6 Na4 30. Ra5 Nc3 31. Kf1 Kh6 32. Ke1 Kh5 33. f3 Kh4 34. e4 Kh3 35. Kd2 Na4 36. Rxb5 Kxh2 37. Ne5 Kg3 38. Nxf7 Kxf4 39. Ng5 h5 40. Nxe6+ Kxf3 41. Rg5 Rg8 42. Kd3 h4 43. Rg1 h3 44. Ng5+ Kf2 45. Nxh3+ Kf3 46. Ng5+ Kf2 47. Rc1 Rb8 48. e5 Rxb4 49. Rxc7 Rb1 50. Rc2+ Kg3 51. Ne4+ Kf4 52. Rf2+ Kg4 53. Rg2+ Kf5 54. Rg5+ Kf4 55. Rxg6 Rd1+ 56. Nd2 Nb2+ 57. Ke2 Rc1 58. Rf6+ Kg5 59. Nf3+ Kg4 60. Rg6+ Kf4 61. e6 Rc2+ 62. Kf1 Kxf3 63. Rf6+ Kg3 64. e7 Nd3 65. e8Q Rc1+ 66. Ke2 Re1+ 67. Kxd3 Rxe8 68. d5 Ra8 69. Kd4 Rxa2 70. Ke5 Re2+ 71. Kd6 Rd2 72. Ke6 1-0

[Event "ARG-ch U12 Girls"]
[Site "Villa Martelli"]
[Date "2018.02.12"]
[Round "7.1"]
[White "Sanchez, Abril"]
[Black "Sanchez, Belen"]
[Result "1/2-1/2"]
[WhiteElo "1561"]
[BlackElo "1331"]
[PlyCount "42"]
[EventDate "2018.02.09"]
[EventType "swiss"]
[EventRounds "9"]
[EventCountry "ARG"]
[SourceTitle "EXT 2024"]
[Source "ChessBase"]
[SourceDate "2023.10.10"]
[SourceVersion "1"]
[SourceVersionDate "2023.10.10"]
[SourceQuality "1"]

1. d4 d5 2. c4 e6 3. Nc3 Be7 4. Nf3 Nf6 5. Bg5 0-0 6. e3 h6 7. Bh4 Ne4 8. Bxe7 Qxe7 9. Rc1 c6 10. Bd3 Nxc3 11. Rxc3 dxc4 12. Bxc4 Nd7 13. 0-0 e5 14. dxe5 Nxe5 15. Nxe5 Qxe5 16. Qe2 Be6 17. Bxe6 Qxe6 18. Rb3 b5 19. Rc1 Rfd8 20. Rbc3 Rac8 21. Ra3 Rd7 1/2-1/2

[Event "Wch U10 Girls"]
[Site "Pocos de Caldas"]
[Date "2017.08.31"]
[Round "11"]
[White "Sanchez, Abril"]
[Black "Podesta, Sofia"]
[Result "1-0"]
[WhiteElo "1433"]
[BlackElo "1461"]
[PlyCount "69"]
[EventDate "2017.08.22"]
[EventType "swiss"]
[EventRounds "11"]
[EventCountry "BRA"]
[SourceTitle "CBM 180 Extra"]
[Source "ChessBase"]
[SourceDate "2017.10.06"]
[SourceVersion "1"]
[SourceVersionDate "2017.10.06"]
[SourceQuality "1"]

1. d4 e6 2. c4 f5 3. Nc3 Nf6 4. Nf3 c6 5. Bf4 d5 6. e3 Bd6 7. Bd3 0-0 8. 0-0 Ne4 9. Ne2 Qe7 10. c5 Bxf4 11. exf4 Bd7 12. Ne5 Be8 13. Nc3 Nd7 14. Nxd7 Bxd7 15. Re1 Qf6 16. Ne2 Qh6 17. f3 Nf6 18. b4 Ne8 19. Rb1 Nc7 20. a4 a6 21. Qd2 Rf6 22. Nc3 Rb8 23. b5 cxb5 24. axb5 Nxb5 25. Nxb5 Bxb5 26. Bxb5 axb5 27. Rxb5 Rf7 28. Rb6 Re7 29. c6 Kf7 30. Reb1 g6 31. Rxb7 Rexb7 32. Rxb7+ Rxb7 33. cxb7 Qf8 34. Qc3 Qb8 35. Qc8 1-0

[Event "Monte Grande Fasgba U1750 14th"]
[Site "Monte Grande"]
[Date "2017.06.17"]
[Round "3.3"]
[White "Alves Fernandez, Sebastian"]
[Black "Sanchez, Abril"]
[Result "1-0"]
[WhiteElo "1742"]
[BlackElo "1461"]
[PlyCount "78"]
[EventDate "2017.06.16"]
[EventType "swiss"]
[EventRounds "6"]
[EventCountry "ARG"]
[SourceTitle "EXT 2024"]
[Source "ChessBase"]
[SourceDate "2023.10.10"]
[SourceVersion "1"]
[SourceVersionDate "2023.10.10"]
[SourceQuality "1"]

1. d4 d5 2. Nf3 e6 3. Bf4 Nf6 4. h3 Bd6 5. Ne5 Nbd7 6. e3 0-0 7. Bd3 c5 8. c3 Qc7 9. Nxd7 Bxd7 10. Bxd6 Qxd6 11. Nd2 cxd4 12. exd4 b5 13. 0-0 a5 14. Nf3 b4 15. Ne5 Rfc8 16. Rc1 Rc7 17. g4 Bc6 18. Qf3 Rf8 19. Rfe1 Nd7 20. Qg3 f6 21. Nxd7 Qxg3+ 22. fxg3 Bxd7 23. cxb4 Rxc1 24. Rxc1 axb4 25. Rc7 Ba4 26. b3 Be8 27. Rb7 e5 28. dxe5 fxe5 29. Rxb4 Rf3 30. Bf5 Rxg3+ 31. Kh2 Re3 32. Be6+ Kf8 33. Bxd5 Re2+ 34. Kg3 Rxa2 35. Re4 Ke7 36. Rxe5+ Kd6 37. Rxe8 Kxd5 38. Re7 Ra3 39. Rxg7 Rxb3+ 1-0